<?xml version="1.0" encoding="UTF-8"?><marc:collection xmlns:marc="http://www.loc.gov/MARC21/slim">
  <marc:record>
    <marc:leader>00000nam  2200000za 4500</marc:leader>
    <marc:controlfield tag="001">9.856593</marc:controlfield>
    <marc:controlfield tag="003">CaOODSP</marc:controlfield>
    <marc:controlfield tag="005">20250912114419</marc:controlfield>
    <marc:controlfield tag="007">cr |||||||||||</marc:controlfield>
    <marc:controlfield tag="008">180515s2018    onc     o    f000 0 eng d</marc:controlfield>
    <marc:datafield tag="040" ind1=" " ind2=" ">
      <marc:subfield code="a">CaOODSP</marc:subfield>
      <marc:subfield code="b">eng</marc:subfield>
    </marc:datafield>
    <marc:datafield tag="043" ind1=" " ind2=" ">
      <marc:subfield code="a">n-cn---</marc:subfield>
    </marc:datafield>
    <marc:datafield tag="086" ind1="1" ind2=" ">
      <marc:subfield code="a">Rv55-8/2-5-11-2018E-PDF</marc:subfield>
    </marc:datafield>
    <marc:datafield tag="245" ind1="0" ind2="0">
      <marc:subfield code="a">Guidelines for commercial air carriers for the processing of prescribed traveller information </marc:subfield>
      <marc:subfield code="h">[electronic resource].</marc:subfield>
    </marc:datafield>
    <marc:datafield tag="250" ind1=" " ind2=" ">
      <marc:subfield code="a">[April 17, 2018 edition].</marc:subfield>
    </marc:datafield>
    <marc:datafield tag="260" ind1=" " ind2=" ">
      <marc:subfield code="a">Ottawa : </marc:subfield>
      <marc:subfield code="b">Canada Border Services Agency, </marc:subfield>
      <marc:subfield code="c">2018.</marc:subfield>
    </marc:datafield>
    <marc:datafield tag="300" ind1=" " ind2=" ">
      <marc:subfield code="a">12 p.</marc:subfield>
    </marc:datafield>
    <marc:datafield tag="490" ind1="1" ind2=" ">
      <marc:subfield code="a">Memorandum, </marc:subfield>
      <marc:subfield code="x">2369-2391 ; </marc:subfield>
      <marc:subfield code="v">D2-5-11</marc:subfield>
    </marc:datafield>
    <marc:datafield tag="500" ind1=" " ind2=" ">
      <marc:subfield code="a">Issued also in French under title: Lignes directrices à l’intention des transporteurs aériens commerciaux pour le traitement des renseignements réglementaires relatifs aux voyageurs.</marc:subfield>
    </marc:datafield>
    <marc:datafield tag="500" ind1=" " ind2=" ">
      <marc:subfield code="a">Caption title.</marc:subfield>
    </marc:datafield>
    <marc:datafield tag="500" ind1=" " ind2=" ">
      <marc:subfield code="a">"Ottawa, April 17, 2018."</marc:subfield>
    </marc:datafield>
    <marc:datafield tag="500" ind1=" " ind2=" ">
      <marc:subfield code="a">"Superseded Memorandum D: D2-5-11, April 22, 2016."</marc:subfield>
    </marc:datafield>
    <marc:datafield tag="520" ind1=" " ind2=" ">
      <marc:subfield code="a">"This memorandum outlines the Canada Border Services Agency’s (CBSA) requirements and administrative policies regarding the provision of prescribed Advance Passenger Information (API) and Passenger Name Record (PNR) information with respect to persons being transported to Canada by commercial air carriers"--In brief, p. [1].</marc:subfield>
    </marc:datafield>
    <marc:datafield tag="693" ind1=" " ind2="4">
      <marc:subfield code="a">Airline passenger security screening</marc:subfield>
    </marc:datafield>
    <marc:datafield tag="693" ind1=" " ind2="4">
      <marc:subfield code="a">Personal information management</marc:subfield>
    </marc:datafield>
    <marc:datafield tag="710" ind1="2" ind2=" ">
      <marc:subfield code="a">Canada Border Services Agency.</marc:subfield>
    </marc:datafield>
    <marc:datafield tag="775" ind1="0" ind2="8">
      <marc:subfield code="t">Lignes directrices à l’intention des transporteurs aériens commerciaux pour le traitement des renseignements réglementaires relatifs aux voyageurs </marc:subfield>
      <marc:subfield code="w">(CaOODSP)9.856598</marc:subfield>
    </marc:datafield>
    <marc:datafield tag="794" ind1=" " ind2=" ">
      <marc:subfield code="t">Guidelines for commercial air carriers for the processing of prescribed traveller information.</marc:subfield>
      <marc:subfield code="b">[August 21, 2020 edition]</marc:subfield>
      <marc:subfield code="w">(CaOODSP)9.901654</marc:subfield>
    </marc:datafield>
    <marc:datafield tag="795" ind1=" " ind2=" ">
      <marc:subfield code="t">Administrative and operational guidelines for commercial air-mode carriers for the processing of prescribed traveller information pursuant to the requirements of the Canada Border Services Agency </marc:subfield>
      <marc:subfield code="b">[April 22, 2016 edition]</marc:subfield>
      <marc:subfield code="w">(CaOODSP)9.816620</marc:subfield>
    </marc:datafield>
    <marc:datafield tag="830" ind1="#" ind2="0">
      <marc:subfield code="a">Memorandum (Canada Border Services Agency)</marc:subfield>
      <marc:subfield code="x">2369-2391 ; </marc:subfield>
      <marc:subfield code="v">D2-5-11.</marc:subfield>
      <marc:subfield code="w">(CaOODSP)9.816825</marc:subfield>
    </marc:datafield>
    <marc:datafield tag="856" ind1="4" ind2="0">
      <marc:subfield code="q">PDF</marc:subfield>
      <marc:subfield code="s">202 KB</marc:subfield>
      <marc:subfield code="u">https://publications.gc.ca/collections/collection_2018/asfc-cbsa/Rv55-8-2-5-11-2018-eng.pdf</marc:subfield>
    </marc:datafield>
  </marc:record>
</marc:collection>
